[Event "SUI-ch op 122nd"]
[Site "Leukerbad"]
[Date "2023.07.21"]
[Round "7"]
[White "Shatil, Shir"]
[Black "Bagri, Jaspaul"]
[Result "1/2-1/2"]
[WhiteElo "2123"]
[BlackElo "2050"]
[PlyCount "67"]
[EventDate "2023.07.07"]
[EventType "swiss"]
[EventRounds "9"]
[EventCountry "SUI"]
[SourceTitle "EXT 2024"]
[Source "ChessBase"]
[SourceDate "2023.10.10"]
[SourceVersion "1"]
[SourceVersionDate "2023.10.10"]
[SourceQuality "1"]

1. d4 Nf6 2. c4 e6 3. Nc3 Bb4 4. e3 0-0 5. Bd3 d5 6. Nf3 dxc4 7. Bxc4 c5 8. 0-0 cxd4 9. exd4 b6 10. Bg5 h6 11. Bxf6 Qxf6 12. Ne4 Qf4 13. Qb3 Bb7 14. Qxb4 Bxe4 15. Qd2 Qg4 16. h3 Qg6 17. Qf4 Bb7 18. Rac1 Nd7 19. Nh4 Qe4 20. Qxe4 Bxe4 21. f3 Bb7 22. Ng6 Rfd8 23. Nf4 Nf6 24. Rfd1 Rd6 25. Bb3 g5 26. Ne2 Rad8 27. Rc7 R6d7 28. Rxd7 Rxd7 29. Nc3 Nd5 30. Bxd5 Bxd5 31. Nxd5 Rxd5 32. Kf2 Kf8 33. Ke3 Ke7 34. Rc1 1/2-1/2

[Event "Geneve Cavaliers Fous op 8th"]
[Site "Geneve"]
[Date "2022.09.23"]
[Round "3"]
[White "Dib, Billal"]
[Black "Bagri, Jaspaul"]
[Result "0-1"]
[WhiteElo "1906"]
[BlackElo "2131"]
[PlyCount "110"]
[EventDate "2022.09.02"]
[EventType "swiss"]
[EventRounds "7"]
[EventCountry "SUI"]
[SourceTitle "EXT 2024"]
[Source "ChessBase"]
[SourceDate "2023.10.10"]
[SourceVersion "1"]
[SourceVersionDate "2023.10.10"]
[SourceQuality "1"]

1. e4 e5 2. Nf3 Nc6 3. Bc4 Nf6 4. d3 Bc5 5. c3 a6 6. Bb3 d6 7. Qe2 0-0 8. Bg5 h6 9. Bh4 Be6 10. Bc2 d5 11. Nbd2 d4 12. 0-0 Be7 13. Nc4 Nd7 14. Bg3 Bg4 15. h3 Bh5 16. Bh2 b5 17. g4 bxc4 18. gxh5 dxc3 19. bxc3 Nc5 20. dxc4 Bd6 21. Kh1 Qc8 22. Nh4 Qxh3 23. Nf5 Ne7 24. Rg1 Nxf5 25. exf5 e4 26. Rg2 Bxh2 27. Rxh2 Qxf5 28. Qe3 Kh8 29. Rd1 Rad8 30. Rd4 Rfe8 31. f3 Qxf3+ 32. Qxf3 exf3 33. Rf2 Rxd4 34. cxd4 Ne6 35. Ba4 Re7 36. d5 Nc5 37. Bc2 Re3 38. Bf5 Nd3 39. Bxd3 Rxd3 40. Rc2 g5 41. hxg6 fxg6 42. Kh2 Kg7 43. Kg3 g5 44. Rb2 Rc3 45. Rb7 Rxc4 46. d6 Kf6 47. dxc7 Kf5 48. Kxf3 Rc3+ 49. Ke2 h5 50. a4 h4 51. a5 h3 52. Rb3 Rc2+ 53. Kf1 g4 54. Rb6 g3 55. Rh6 g2+ 0-1

[Event "Geneve Cavaliers Fous op 8th"]
[Site "Geneve"]
[Date "2022.09.16"]
[Round "2"]
[White "Bagri, Jaspaul"]
[Black "Klyucharev, Alexander"]
[Result "1-0"]
[WhiteElo "2131"]
[BlackElo "1793"]
[PlyCount "99"]
[EventDate "2022.09.02"]
[EventType "swiss"]
[EventRounds "7"]
[EventCountry "SUI"]
[SourceTitle "EXT 2024"]
[Source "ChessBase"]
[SourceDate "2023.10.10"]
[SourceVersion "1"]
[SourceVersionDate "2023.10.10"]
[SourceQuality "1"]

1. d4 Nf6 2. c4 e6 3. g3 Bb4+ 4. Nd2 0-0 5. Bg2 d5 6. Ngf3 c5 7. 0-0 Nc6 8. dxc5 Bxc5 9. cxd5 Nxd5 10. Qc2 Bb6 11. Nc4 Nd4 12. Qd1 Nxf3+ 13. Bxf3 Nf6 14. Qb3 e5 15. Rd1 Qc7 16. Nxb6 Qxb6 17. Qxb6 axb6 18. Be3 e4 19. Bg2 Be6 20. a3 b5 21. Bd4 Bb3 22. Rdc1 Rfe8 23. Rc5 Bc4 24. e3 Nd5 25. Bf1 b6 26. Rc6 Rec8 27. Rd6 Rd8 28. Rxd8+ Rxd8 29. Rc1 Bd3 30. Bxd3 exd3 31. Rd1 b4 32. Rxd3 bxa3 33. Rxa3 f6 34. Ra7 Rb8 35. Rd7 Nb4 36. h4 Nc6 37. h5 Nxd4 38. Rxd4 g6 39. h6 Rb7 40. Rd6 Kf7 41. Kg2 g5 42. g4 Kg6 43. f4 Re7 44. Kf3 Rb7 45. b4 b5 46. f5+ Kf7 47. Rc6 Ke7 48. Ke4 Kf7 49. Kd5 Re7 50. e4 1-0

[Event "Davos Summer op 21st"]
[Site "Davos"]
[Date "2022.08.06"]
[Round "3"]
[White "Bagri, Jaspaul"]
[Black "Schellenberg, Simon"]
[Result "0-1"]
[WhiteElo "2146"]
[BlackElo "1939"]
[PlyCount "120"]
[EventDate "2022.08.05"]
[EventType "swiss"]
[EventRounds "5"]
[EventCountry "SUI"]
[SourceTitle "CBM 209 Extra"]
[Source "ChessBase"]
[SourceDate "2022.09.30"]
[SourceVersion "1"]
[SourceVersionDate "2022.09.30"]
[SourceQuality "1"]

1. c4 c6 2. Nf3 d5 3. g3 Bg4 4. Bg2 Nf6 5. 0-0 e6 6. cxd5 exd5 7. d3 Be7 8. b3 0-0 9. Bb2 Nbd7 10. Nbd2 Re8 11. Qc2 Bb4 12. e3 Qc7 13. a3 Ba5 14. Rac1 Rad8 15. b4 Bb6 16. Rfe1 Qb8 17. Nb3 Bc7 18. b5 Bxf3 19. Bxf3 Ne5 20. Bg2 Rc8 21. Bxe5 Bxe5 22. bxc6 Rxc6 23. Qd2 Rec8 24. a4 Bc3 25. Rxc3 Rxc3 26. Nd4 g6 27. Bh3 R8c5 28. Kg2 Qe8 29. Rb1 b6 30. Rb5 Qe7 31. Rb2 Ra3 32. Nb3 Rc7 33. a5 bxa5 34. Nxa5 Qc5 35. Rb8+ Kg7 36. Nb3 Qc3 37. Qxc3 Rxc3 38. Nd4 Rc7 39. g4 Rxd3 40. g5 Ne4 41. Bg4 Nxg5 42. Rd8 Ne4 43. Be2 Rd2 44. Rxd5 Rb2 45. Re5 Nf6 46. Bf3 Ra2 47. h4 h5 48. Kg3 a5 49. Nc6 a4 50. Ra5 a3 51. Nd4 Ne8 52. Bd5 Ra1 53. Nb3 Rg1+ 54. Kh2 Rg4 55. Rxa3 Rxh4+ 56. Kg2 Nf6 57. Ra5 Rg4+ 58. Kh2 Rc3 59. Nd2 Rd3 60. Bf3 Rxd2 0-1

[Event "Davos Summer op 21st"]
[Site "Davos"]
[Date "2022.08.05"]
[Round "1"]
[White "Bagri, Jaspaul"]
[Black "Breggia Bicchiere, Antonio"]
[Result "1-0"]
[WhiteElo "2146"]
[BlackElo "1514"]
[PlyCount "99"]
[EventDate "2022.08.05"]
[EventType "swiss"]
[EventRounds "5"]
[EventCountry "SUI"]
[SourceTitle "CBM 209 Extra"]
[Source "ChessBase"]
[SourceDate "2022.09.30"]
[SourceVersion "1"]
[SourceVersionDate "2022.09.30"]
[SourceQuality "1"]

1. d4 d5 2. c4 e6 3. Nf3 Nf6 4. g3 Be7 5. Bg2 0-0 6. 0-0 Nbd7 7. Qc2 b6 8. cxd5 Nxd5 9. e4 N5f6 10. Nc3 Bb7 11. Rd1 Qc8 12. Bf4 Nh5 13. Be3 Nhf6 14. Rac1 c5 15. d5 exd5 16. exd5 Bd6 17. Bh3 Ba6 18. Bg5 Qc7 19. Qa4 Bc8 20. Nb5 Qb8 21. Nxd6 Qxd6 22. Bf4 Qe7 23. Bg2 Bb7 24. Nh4 Qe2 25. Rd2 Qa6 26. Qxa6 Bxa6 27. Nf5 Rfe8 28. d6 Rab8 29. Ne7+ Kh8 30. b4 Bb7 31. bxc5 Bxg2 32. Kxg2 bxc5 33. Rc4 Rb4 34. Rxb4 cxb4 35. Nc6 Ra8 36. Nxb4 a5 37. Nd5 Ne4 38. Rc2 g5 39. Be3 h6 40. Rc7 Rd8 41. Bd4+ Kg8 42. Ne7+ Kf8 43. Nc6 Ke8 44. Nxd8 Kxd8 45. Rc6 Nb8 46. Rb6 Kc8 47. Kf3 Nd2+ 48. Ke2 Nc4 49. d7+ Nxd7 50. Rc6+ 1-0

[Event "Adelboden op 8th"]
[Site "Adelboden"]
[Date "2021.12.11"]
[Round "3"]
[White "Bagri, Jaspaul"]
[Black "Hoebarth, Guenter"]
[Result "1-0"]
[WhiteElo "2173"]
[BlackElo "1913"]
[PlyCount "51"]
[EventDate "2021.12.10"]
[EventType "swiss"]
[EventRounds "5"]
[EventCountry "SUI"]
[SourceTitle "CBM 205 Extra"]
[Source "ChessBase"]
[SourceDate "2022.01.31"]
[SourceVersion "1"]
[SourceVersionDate "2022.01.31"]
[SourceQuality "1"]

1. c4 e5 2. Nc3 Bb4 3. Nd5 Bd6 4. g3 c6 5. Nc3 Nf6 6. Bg2 Bb4 7. Qb3 Qe7 8. Nf3 Na6 9. a3 Bxc3 10. Qxc3 e4 11. Nd4 d5 12. cxd5 cxd5 13. 0-0 0-0 14. d3 Bd7 15. b4 Rac8 16. Qb3 Qe5 17. Bb2 Qh5 18. f3 Qh6 19. dxe4 dxe4 20. Rad1 Bh3 21. Bc1 Rxc1 22. Rxc1 Bxg2 23. Kxg2 exf3+ 24. Qxf3 Nh5 25. Nf5 Qg5 26. h4 1-0

[Event "Geneve Bois Gentil op"]
[Site "Geneve"]
[Date "2019.02.15"]
[Round "6"]
[White "Vernay, Clovis"]
[Black "Bagri, Jaspaul"]
[Result "1/2-1/2"]
[WhiteElo "2513"]
[BlackElo "2167"]
[PlyCount "86"]
[EventDate "2019.01.11"]
[EventType "swiss"]
[EventRounds "7"]
[EventCountry "SUI"]
[SourceTitle "CBM 189 Extra"]
[Source "ChessBase"]
[SourceDate "2019.06.03"]
[SourceVersion "1"]
[SourceVersionDate "2019.06.03"]
[SourceQuality "1"]

1. d4 Nf6 2. c4 e6 3. a3 b6 4. Nc3 Bb7 5. d5 Bd6 6. e4 exd5 7. cxd5 Qe7 8. Bg5 Be5 9. Nge2 h6 10. Be3 0-0 11. Bd4 c6 12. Bxe5 Qxe5 13. f4 Qe8 14. Qd4 cxd5 15. e5 Nc6 16. Qd3 Ne4 17. Nxd5 Nc5 18. Qg3 Qe6 19. Nc7 Qf5 20. Rd1 Rad8 21. b4 Ne4 22. Qe3 d6 23. g4 Qc8 24. Nd5 dxe5 25. Bg2 Nd6 26. f5 f6 27. b5 Nd4 28. Nxd4 exd4 29. Ne7+ Kh7 30. Nxc8 dxe3 31. Nxd6 Bxg2 32. Rg1 Rd7 33. Rxg2 Rfd8 34. Ke2 Rxd6 35. Rxd6 Rxd6 36. Kxe3 Rd1 37. Rc2 Rb1 38. Rc7 Rxb5 39. Rxa7 h5 40. Kf4 hxg4 41. Kxg4 Rc5 42. Rb7 Ra5 43. Rxb6 Rxa3 1/2-1/2

[Event "SUI-ch op"]
[Site "Leukerbad"]
[Date "2015.07.16"]
[Round "8"]
[White "Bagri, Jaspaul"]
[Black "Ekstroem, Roland"]
[Result "1-0"]
[WhiteElo "2140"]
[BlackElo "2398"]
[PlyCount "133"]
[EventDate "2015.07.09"]
[EventType "swiss"]
[EventRounds "9"]
[EventCountry "SUI"]
[SourceTitle "EXT 2019"]
[Source "ChessBase"]
[SourceDate "2018.10.10"]
[SourceVersion "1"]
[SourceVersionDate "2018.10.10"]
[SourceQuality "1"]

1. c4 e5 2. g3 Nf6 3. Bg2 c6 4. d4 Bb4+ 5. Bd2 Bxd2+ 6. Qxd2 d6 7. Nc3 0-0 8. e3 Be6 9. Rd1 Nbd7 10. b3 d5 11. cxd5 Nxd5 12. Nxd5 Bxd5 13. e4 Be6 14. Ne2 Qb6 15. 0-0 Rad8 16. h3 exd4 17. Qxd4 Nf6 18. Qb2 Rxd1 19. Rxd1 Rd8 20. Rxd8+ Qxd8 21. Nf4 Bc8 22. Qe5 Nd7 23. Qd6 Qe8 24. Nd3 a6 25. f4 Nf8 26. b4 Qe6 27. Qxe6 Nxe6 28. Kf2 Kf8 29. Ke3 Ke7 30. e5 Nf8 31. a4 f6 32. a5 fxe5 33. fxe5 Kd7 34. h4 Kc7 35. Be4 b6 36. axb6+ Kxb6 37. Kd4 h6 38. Nc5 a5 39. bxa5+ Kxa5 40. Bxc6 Kb6 41. Bd5 Kc7 42. Bf7 Bf5 43. Kd5 Nd7 44. e6 Nf6+ 45. Ke5 Bh3 46. e7 Ng4+ 47. Kf5 Kd6 48. e8Q Nf6+ 49. Kg6 Nxe8 50. Bxe8 Kxc5 51. Kxg7 Kd6 52. Kxh6 Ke7 53. Ba4 Kf6 54. Bd1 Kf7 55. Kh7 Bf5+ 56. Kh8 Kg6 57. g4 Be6 58. Bc2+ Kh6 59. Bf5 Bf7 60. Bd7 Kg6 61. Bb5 Kh6 62. Bd7 Kg6 63. Bf5+ Kh6 64. Bh7 Be6 65. g5+ Kh5 66. g6 Kxh4 67. g7 1-0

[Event "Bois Gentil op"]
[Site "Geneve"]
[Date "2015.02.20"]
[Round "6"]
[White "Hariz, Haissam"]
[Black "Bagri, Jaspaul"]
[Result "1/2-1/2"]
[WhiteElo "1928"]
[BlackElo "2131"]
[PlyCount "79"]
[EventDate "2015.01.09"]
[EventType "swiss"]
[EventRounds "7"]
[EventCountry "SUI"]
[SourceTitle "EXT 2016"]
[Source "ChessBase"]
[SourceDate "2015.10.08"]
[SourceVersion "1"]
[SourceVersionDate "2015.10.08"]
[SourceQuality "1"]

1. d4 Nf6 2. c4 e6 3. Nc3 Bb4 4. e3 c5 5. Bd3 0-0 6. Nge2 d5 7. a3 Bxc3+ 8. bxc3 dxc4 9. Bxc4 Qc7 10. Bd3 e5 11. 0-0 Nc6 12. Bb2 Re8 13. Rc1 e4 14. Bb1 Ng4 15. Ng3 f5 16. Ba2+ Kh8 17. h3 Nxe3 18. fxe3 Qxg3 19. Qe2 Bd7 20. Rce1 Rad8 21. c4 Bc8 22. Qh5 Rf8 23. Bb1 Ne7 24. d5 Ng6 25. Re2 Ne5 26. Rf4 Nxc4 27. Rh4 h6 28. Rg4 Qd6 29. Bxg7+ Kh7 30. Bxf8 Rxf8 31. Rf4 Nxe3 32. Rxe4 fxe4 33. Rxe3 Bf5 34. Bxe4 Bxe4 35. Rxe4 Qf6 36. Re6 Qf1+ 37. Kh2 Qf4+ 38. Kg1 Qd4+ 39. Kh2 Qf4+ 40. Kg1 1/2-1/2

[Event "Bois Gentil op"]
[Site "Geneve"]
[Date "2015.01.09"]
[Round "1"]
[White "Nawrocki, Bronislaw"]
[Black "Bagri, Jaspaul"]
[Result "0-1"]
[WhiteElo "1783"]
[BlackElo "2131"]
[PlyCount "42"]
[EventDate "2015.01.09"]
[EventType "swiss"]
[EventRounds "7"]
[EventCountry "SUI"]
[SourceTitle "EXT 2016"]
[Source "ChessBase"]
[SourceDate "2015.10.08"]
[SourceVersion "1"]
[SourceVersionDate "2015.10.08"]
[SourceQuality "1"]

1. e4 e5 2. Nf3 Nc6 3. Bb5 a6 4. Ba4 Nf6 5. d3 b5 6. Bb3 Bc5 7. 0-0 d6 8. h3 h6 9. c3 0-0 10. Qe2 Be6 11. Be3 Bxb3 12. Bxc5 Be6 13. Be3 d5 14. Bc5 dxe4 15. Bxf8 exf3 16. Qxf3 Bd5 17. Qe3 Qxf8 18. Nd2 Rd8 19. Ne4 Nh5 20. Nc5 Nf4 21. b3 Nxg2 0-1

[Event "Geneve op 31st"]
[Site "Geneve"]
[Date "2014.08.02"]
[Round "6"]
[White "Colmenares, Aurelio"]
[Black "Bagri, Jaspaul"]
[Result "1-0"]
[WhiteElo "2320"]
[BlackElo "2130"]
[PlyCount "161"]
[EventDate "2014.07.29"]
[EventType "swiss"]
[EventRounds "7"]
[EventCountry "SUI"]
[SourceTitle "CBM 161 Extra"]
[Source "ChessBase"]
[SourceDate "2014.08.29"]
[SourceVersion "1"]
[SourceVersionDate "2014.08.29"]
[SourceQuality "1"]

1. e4 e5 2. Nf3 Nc6 3. Bb5 a6 4. Ba4 Nf6 5. 0-0 Be7 6. Re1 b5 7. Bb3 0-0 8. h3 Bb7 9. d3 d6 10. c3 Na5 11. Bc2 c5 12. Nbd2 Re8 13. Nf1 h6 14. Ng3 Bf8 15. Nf5 d5 16. exd5 Qxd5 17. Bd2 Nc6 18. Ng3 Rad8 19. Ne4 Nxe4 20. dxe4 Qe6 21. Qe2 Na5 22. Bc1 Bc6 23. b3 Rd7 24. Nh2 Be7 25. Ng4 Bg5 26. Bxg5 hxg5 27. Rad1 Red8 28. Rxd7 Rxd7 29. Qe3 Qe7 30. Qg3 Rd2 31. Bb1 f6 32. Ne3 Qd8 33. Qf3 c4 34. b4 Nb7 35. Nd5 Bxd5 36. exd5 Nd6 37. Qh5 Nf7 38. Be4 Qd7 39. Qf3 Nd6 40. Bg6 Nf7 41. Rd1 Rxd1+ 42. Qxd1 f5 43. Qh5 Qxd5 44. Bxf5 Qd2 45. Qf3 Qc1+ 46. Kh2 Qf4+ 47. Qxf4 gxf4 48. Bg6 Nd6 49. g3 Kf8 50. gxf4 exf4 51. Kg2 Ke7 52. h4 Kf6 53. h5 Ke5 54. Kf3 Nc8 55. Be4 Nb6 56. Bb7 Na4 57. Bxa6 Nxc3 58. a3 Nb1 59. Bxb5 Nxa3 60. Ba4 c3 61. Ke2 Kd4 62. b5 Nc4 63. Bb3 f3+ 64. Kd1 Nb2+ 65. Kc2 Nd3 66. b6 Nc5 67. Be6 Na6 68. Bf5 Nb4+ 69. Kb3 Nc6 70. Bd7 Ne5 71. Be8 Kd3 72. b7 c2 73. Bb5+ Kd2 74. b8Q c1Q 75. Qxe5 Qc2+ 76. Kb4 Qb1+ 77. Kc5 Qc2+ 78. Bc4 Kc1 79. Qe3+ Qd2 80. Qxd2+ Kxd2 81. Kd4 1-0

[Event "Bois Gentil op"]
[Site "Geneve"]
[Date "2014.02.28"]
[Round "7"]
[White "Bagri, Jaspaul"]
[Black "Schmid, Pablo"]
[Result "0-1"]
[WhiteElo "2125"]
[BlackElo "2133"]
[PlyCount "106"]
[EventDate "2014.01.10"]
[EventType "swiss"]
[EventRounds "7"]
[EventCountry "SUI"]
[SourceTitle "CBM 158 Extra"]
[Source "ChessBase"]
[SourceDate "2014.02.28"]
[SourceVersion "1"]
[SourceVersionDate "2014.02.28"]
[SourceQuality "1"]

1. c4 e5 2. g3 Nf6 3. Bg2 d5 4. cxd5 Nxd5 5. Nc3 Nb6 6. Nf3 Nc6 7. 0-0 Be7 8. a3 0-0 9. b4 Be6 10. Rb1 f6 11. d3 a5 12. b5 Nd4 13. Nd2 Qc8 14. e3 Nf5 15. Qc2 Rd8 16. Bb2 a4 17. Rfd1 Nd6 18. Ba1 Nf7 19. Bb2 Nd6 20. Ba1 Nf7 21. Bb2 Bh3 22. Nce4 Bxg2 23. Kxg2 f5 24. Nc5 Bxc5 25. Qxc5 Rxd3 26. Nf3 Qd8 27. Qc2 Rxd1 28. Rxd1 Qe7 29. Qxf5 Nc4 30. Rd7 Qf6 31. Qxf6 gxf6 32. Bc1 Rc8 33. Rd3 b6 34. Nd2 Nxd2 35. Bxd2 Rd8 36. Rxd8+ Nxd8 37. Kf3 Kf7 38. Ke4 Ke6 39. f4 f5+ 40. Kd3 exf4 41. gxf4 Kd5 42. Bb4 Ne6 43. Be7 c6 44. bxc6 b5 45. e4+ fxe4+ 46. Ke3 Nd4 47. Bb4 Nxc6 48. Bc3 Ne7 49. f5 Nxf5+ 50. Kf4 Nd4 51. Kg5 Nf3+ 52. Kh6 Nxh2 53. Kxh7 e3 0-1

[Event "Geneve op-A"]
[Site "Geneve"]
[Date "2013.06.26"]
[Round "4"]
[White "Bagri, Jaspaul"]
[Black "Vuilleumier, Alexandre"]
[Result "1/2-1/2"]
[WhiteElo "2131"]
[BlackElo "2321"]
[PlyCount "69"]
[EventDate "2013.06.24"]
[EventType "swiss"]
[EventRounds "9"]
[EventCountry "SUI"]
[SourceTitle "CBM 155 Extra"]
[Source "ChessBase"]
[SourceDate "2013.08.26"]
[SourceVersion "1"]
[SourceVersionDate "2013.08.26"]
[SourceQuality "1"]

1. c4 c5 2. g3 Nc6 3. Bg2 e5 4. Nc3 g6 5. Nf3 Bg7 6. 0-0 Nge7 7. a3 0-0 8. Rb1 a5 9. Ne1 d6 10. Nc2 Bf5 11. d3 Qd7 12. Ne3 Bh3 13. Ned5 Bxg2 14. Kxg2 Nxd5 15. Nxd5 Ne7 16. Nxe7+ Qxe7 17. b4 axb4 18. axb4 e4 19. Qb3 b6 20. Kg1 Rfe8 21. Bb2 Bxb2 22. Qxb2 h5 23. h4 e3 24. f4 Qd7 25. f5 Re5 26. bxc5 bxc5 27. fxg6 fxg6 28. Qb7 Qxb7 29. Rxb7 Re6 30. Rff7 Ra1+ 31. Kg2 Re1 32. Rg7+ Kh8 33. Rgd7 Rxe2+ 34. Kh3 Re8 35. Rh7+ 1/2-1/2

[Event "Geneve op-A"]
[Site "Geneve"]
[Date "2013.06.26"]
[Round "3"]
[White "Gerber, Richard"]
[Black "Bagri, Jaspaul"]
[Result "0-1"]
[WhiteElo "2416"]
[BlackElo "2131"]
[PlyCount "94"]
[EventDate "2013.06.24"]
[EventType "swiss"]
[EventRounds "9"]
[EventCountry "SUI"]
[SourceTitle "CBM 155 Extra"]
[Source "ChessBase"]
[SourceDate "2013.08.26"]
[SourceVersion "1"]
[SourceVersionDate "2013.08.26"]
[SourceQuality "1"]

1. d4 Nf6 2. Bg5 Ne4 3. Bf4 c5 4. f3 Qa5+ 5. c3 Nf6 6. d5 Qb6 7. e4 Qxb2 8. Nd2 Qxc3 9. Bc4 d6 10. Ne2 Qa5 11. Rb1 Nbd7 12. 0-0 g6 13. Bg3 Bh6 14. f4 0-0 15. Rb5 Qc7 16. e5 Nh5 17. Bh4 Nb6 18. Rxb6 axb6 19. Nc3 Nxf4 20. Nb5 Qd7 21. exd6 g5 22. Bg3 exd6 23. Ne4 Qe7 24. Re1 Bd7 25. Nxc5 Qd8 26. Nxb7 Qf6 27. N7xd6 Qb2 28. Bxf4 gxf4 29. Nd4 Kh8 30. Bb3 Bg7 31. Nf3 Qf6 32. Nc4 Bg4 33. h3 Bxf3 34. Qxf3 Rae8 35. Rd1 b5 36. Nd2 Re3 37. Qg4 Rg3 38. Qe2 Re3 39. Qg4 Bh6 40. Nf1 Rc3 41. Nh2 Rg8 42. d6 f3 43. d7 Be3+ 44. Kh1 Bb6 45. Qxf3 Rxf3 46. Nxf3 Rd8 47. Rd5 Bc7 0-1

[Event "Geneve op 27th"]
[Site "Geneve"]
[Date "2013.02.22"]
[Round "5"]
[White "Bagri, Jaspaul"]
[Black "Ruiz, Jose"]
[Result "0-1"]
[WhiteElo "2209"]
[BlackElo "2181"]
[PlyCount "98"]
[EventDate "2013.01.18"]
[EventType "swiss"]
[EventRounds "7"]
[EventCountry "SUI"]
[SourceTitle "EXT 2014"]
[Source "ChessBase"]
[SourceDate "2013.11.20"]
[SourceVersion "1"]
[SourceVersionDate "2013.11.20"]
[SourceQuality "1"]

1. c4 Nf6 2. Nc3 c5 3. g3 g6 4. Bg2 Bg7 5. Nf3 Nc6 6. d4 cxd4 7. Nxd4 0-0 8. 0-0 Qc7 9. c5 Nxd4 10. Qxd4 a6 11. Bf4 Qa5 12. Be5 Rd8 13. Nd5 Nxd5 14. Bxg7 Nc7 15. b4 Qa4 16. Bh6 Ne6 17. Qc3 d5 18. e3 d4 19. exd4 Nxd4 20. Rfe1 Be6 21. Bxb7 Rab8 22. c6 Qb5 23. Re4 Qd5 24. c7 Qxe4 25. Bxe4 Ne2+ 26. Kf1 Nxc3 27. Bd3 Nxa2 28. Bf4 Ra8 29. cxd8Q+ Rxd8 30. Bxa6 Nxb4 31. Bb7 Bd5 32. Bxd5 Nxd5 33. Be5 f6 34. Bb2 Rb8 35. Ra2 Kf7 36. Ke2 h5 37. f4 Rb3 38. Bd4 h4 39. Kf2 Rd3 40. Ba7 f5 41. Kg2 h3+ 42. Kf2 Nf6 43. Ke2 Rd5 44. g4 fxg4 45. Ke3 Rb5 46. Rf2 g3 47. Rf3 Rb3+ 48. Ke2 Rxf3 49. Kxf3 gxh2 0-1

[Event "Geneve op 27th"]
[Site "Geneve"]
[Date "2013.01.18"]
[Round "1"]
[White "Bagri, Jaspaul"]
[Black "Lesquereux, Nicolas"]
[Result "1-0"]
[WhiteElo "2209"]
[BlackElo "1698"]
[PlyCount "87"]
[EventDate "2013.01.18"]
[EventType "swiss"]
[EventRounds "7"]
[EventCountry "SUI"]
[SourceTitle "EXT 2014"]
[Source "ChessBase"]
[SourceDate "2013.11.20"]
[SourceVersion "1"]
[SourceVersionDate "2013.11.20"]
[SourceQuality "1"]

1. c4 f5 2. g3 e6 3. Bg2 d5 4. Nf3 Nf6 5. 0-0 Be7 6. b3 0-0 7. Bb2 Nbd7 8. e3 c5 9. cxd5 exd5 10. Qe2 Ne4 11. d3 Nef6 12. Nc3 Nb6 13. Rac1 Bd7 14. Rfd1 Qe8 15. Ne5 Be6 16. d4 Ne4 17. dxc5 Nxc3 18. Rxc3 Nd7 19. Nd3 Rc8 20. b4 Bf6 21. Rcc1 Bxb2 22. Qxb2 Nf6 23. Nf4 Qf7 24. Qe5 Rfe8 25. Nxe6 Qxe6 26. Qxe6+ Rxe6 27. Bxd5 Nxd5 28. Rxd5 Rf6 29. Rd7 Rf7 30. Rcd1 Rc7 31. Rd8+ Rf8 32. R8d5 Rff7 33. h4 b6 34. Kg2 Kf8 35. Kf3 Ke7 36. Kf4 g6 37. Re5+ Kf6 38. Rd6+ Kg7 39. c6 Kh6 40. b5 Kh5 41. g4+ Kxh4 42. gxf5 g5+ 43. Kf3 h5 44. Rd1 1-0

[Event "Basel Hilton op 15th"]
[Site "Basel"]
[Date "2013.01.04"]
[Round "6"]
[White "Bagri, Jaspaul"]
[Black "Janasik, Gerhard"]
[Result "1-0"]
[WhiteElo "2178"]
[BlackElo "2014"]
[PlyCount "89"]
[EventDate "2013.01.01"]
[EventType "swiss"]
[EventRounds "7"]
[EventCountry "SUI"]
[SourceTitle "CBM 152 Extra"]
[Source "ChessBase"]
[SourceDate "2013.02.25"]
[SourceVersion "1"]
[SourceVersionDate "2013.02.25"]
[SourceQuality "1"]

1. c4 Nf6 2. Nc3 g6 3. g3 Bg7 4. Bg2 0-0 5. Nf3 c6 6. e4 d6 7. h3 Nbd7 8. 0-0 e5 9. d4 exd4 10. Nxd4 Re8 11. Re1 a5 12. Rb1 Nc5 13. Bf4 Nh5 14. Be3 Nf6 15. Qc2 Qe7 16. f3 Bd7 17. Rbd1 Qf8 18. Nb3 Ne6 19. a3 a4 20. Nd4 Nxd4 21. Bxd4 c5 22. Bf2 Bc6 23. Rd2 Reb8 24. Red1 Ne8 25. Nb5 Bxb5 26. cxb5 Nc7 27. Rxd6 Nxb5 28. R6d5 b6 29. f4 Nd4 30. Qc4 Rc8 31. e5 b5 32. Qf1 Nb3 33. Qxb5 Rd8 34. Rd7 Rxd7 35. Rxd7 Rb8 36. Qxa4 Nd4 37. Bxd4 cxd4 38. Qxd4 Qc8 39. Qd5 Qc1+ 40. Kh2 Rf8 41. Qd2 Qa1 42. h4 Rc8 43. Bd5 Bf8 44. Rxf7 Kh8 45. Bg2 1-0

[Event "Lausanne op"]
[Site "Lausanne"]
[Date "2007.09.17"]
[Round "6"]
[White "Bagri, Jaspaul"]
[Black "Gallagher, Joseph G"]
[Result "1/2-1/2"]
[WhiteElo "2231"]
[BlackElo "2481"]
[PlyCount "62"]
[EventDate "2007.09.14"]
[EventType "swiss"]
[EventRounds "7"]
[EventCountry "SUI"]
[SourceTitle "CBM 120 Extra"]
[Source "ChessBase"]
[SourceDate "2007.11.01"]
[SourceVersion "1"]
[SourceVersionDate "2007.11.01"]
[SourceQuality "1"]

1. c4 g6 2. Nc3 Bg7 3. Nf3 d6 4. g3 e5 5. Bg2 Nc6 6. 0-0 f5 7. d3 h6 8. Rb1 Nf6 9. b4 a6 10. a4 0-0 11. b5 axb5 12. axb5 Ne7 13. Bb2 g5 14. Ra1 Rxa1 15. Qxa1 f4 16. Nd2 fxg3 17. hxg3 Ng4 18. Nd5 Nxd5 19. Bxd5+ Kh8 20. Bf3 Qe8 21. Kg2 Nf6 22. Qa7 Qd7 23. Rh1 b6 24. Qa1 Qf7 25. Qe1 Bd7 26. Kg1 Be6 27. Ba3 Rd8 28. Qc1 Kg8 29. Ne4 Nxe4 30. Bxe4 Rf8 31. Qe3 Qd7 1/2-1/2

[Event "Lausanne op"]
[Site "Lausanne"]
[Date "2007.09.16"]
[Round "5"]
[White "Bagri, Jaspaul"]
[Black "Jagstaidt, Patrick"]
[Result "1-0"]
[WhiteElo "2231"]
[BlackElo "2056"]
[PlyCount "85"]
[EventDate "2007.09.14"]
[EventType "swiss"]
[EventRounds "7"]
[EventCountry "SUI"]
[SourceTitle "CBM 120 Extra"]
[Source "ChessBase"]
[SourceDate "2007.11.01"]
[SourceVersion "1"]
[SourceVersionDate "2007.11.01"]
[SourceQuality "1"]

1. c4 e5 2. Nc3 g6 3. d4 exd4 4. Qxd4 Qf6 5. Qe3+ Qe6 6. Nd5 Na6 7. Qd4 f6 8. Bd2 c6 9. Nf4 Qe5 10. Nf3 Qxd4 11. Nxd4 Nc5 12. 0-0-0 Ne4 13. Be1 Bh6 14. e3 a5 15. g4 Kf7 16. Bg2 Nc5 17. Nd3 Ne6 18. Nb3 b6 19. f4 Ne7 20. Bc3 Rd8 21. h4 Ba6 22. g5 Bg7 23. gxf6 Bxf6 24. Bxf6 Kxf6 25. Ne5 d6 26. Ng4+ Kg7 27. Nd2 Rac8 28. h5 g5 29. h6+ Kh8 30. fxg5 Nxg5 31. Rh5 Rg8 32. Nf6 Rg6 33. Nd7 b5 34. c5 Nd5 35. cxd6 Nxe3 36. Ne5 Nxd1 37. Nxg6+ hxg6 38. Rxg5 Ne3 39. d7 Rd8 40. Bxc6 Kh7 41. Re5 Bc8 42. Rxe3 Bxd7 43. Re7+ 1-0

[Event "Lausanne op"]
[Site "Lausanne"]
[Date "2007.09.14"]
[Round "1"]
[White "Bagri, Jaspaul"]
[Black "Bonnard, Vincent"]
[Result "1-0"]
[WhiteElo "2231"]
[BlackElo "1878"]
[PlyCount "61"]
[EventDate "2007.09.14"]
[EventType "swiss"]
[EventRounds "7"]
[EventCountry "SUI"]
[SourceTitle "CBM 120 Extra"]
[Source "ChessBase"]
[SourceDate "2007.11.01"]
[SourceVersion "1"]
[SourceVersionDate "2007.11.01"]
[SourceQuality "1"]

1. c4 e5 2. Nc3 Nc6 3. Nf3 Nf6 4. g3 Be7 5. Bg2 d6 6. d4 Bf5 7. 0-0 Qc8 8. Nd5 exd4 9. Nxd4 Nxd5 10. Nxf5 Qxf5 11. e4 Nc3 12. exf5 Nxd1 13. Rxd1 0-0 14. Be3 Rab8 15. Rac1 Bf6 16. b3 a6 17. c5 Bb2 18. Rc2 Ba3 19. cxd6 Bxd6 20. Bxc6 bxc6 21. Rxc6 Rb5 22. f6 Ra5 23. fxg7 Kxg7 24. a4 Rb8 25. Rd3 Kf8 26. Kg2 Kg8 27. f4 f5 28. Kf3 h5 29. Kg2 Kh7 30. Kh3 Kh6 31. Bb6 1-0